000 01168nam a22002897a 4500
005 20240530110412.0
008 150219b2006 ua of a 001 0 ara d
017 _a18777/2006
020 _a9771436384
040 _aEG-CaGPL
041 0 _aara
082 0 4 _221
_a500.2
_bط/ن ن
100 1 _aجونسون ، ريبيكا
_eمؤلف
245 1 0 _aانت وجيناتك /
_cتاليف ريبيكا جونسون ؛ ترجمة ادارة النشر والترجمة ينهضة مصر ؛ اشراف داليا محمد ابراهيم
250 _aط1
260 _aالقاهرة :
_bنهضة مصر للطباعة والنشر والتوزيع ،
_c2006
300 _a32 ص :
_bايض ؛
_c24 سم
490 0 _aناشيونال جيوجرافيك : علم الحياة
650 0 4 _aالهندسة الوراثية
650 0 4 _aفسيولوجيا الوراثة
650 0 4 _aالجينات الوراثية
650 0 4 _2الخلايا
700 0 _aداليا محمد ابراهيم
_eمشرف
710 2 _aادارة النشر والترجمة بنهضة مصر
_eمترجم
942 _2ddc
_cBK
999 _c60485
_d60485